English Translation of Sataat (Record no. 7216)

MARC details
000 -LEADER
fixed length control field 00579nam a2200241 a 4500
020 ## - INTERNATIONAL STANDARD BOOK NUMBER
ISBN
082 00 - DEWEY DECIMAL CLASSIFICATION NUMBER
Classification number 297.4
Author Cutter JAL
100 ## - MAIN ENTRY--AUTHOR NAME
Author name Jalbani, G N
245 ## - TITLE STATEMENT
Title English Translation of Sataat
260 ## - PUBLICATION, DISTRIBUTION, ETC. (IMPRINT)
Place of publication Delhi
Name of publisher Kitab Bhavan
Year of publication 1981
300 ## - PHYSICAL DESCRIPTION
Number of Pages 53p
500 ## - GENERAL NOTE
General note includes index and biblioraphy
505 2# - FORMATTED CONTENTS NOTE
Formatted contents note Bibliography, Index
650 ## - SUBJECT ADDED ENTRY--TOPICAL TERM
Topical Term Sufism-Shah Waliullah
942 ## - ADDED ENTRY ELEMENTS (KOHA)
Koha item type Books
700 1# -
-- Jalbani, G N
Holdings
Collection code Home library Current library Date acquired Cost, normal purchase price Full call number Accession Number Koha item type
  Henry Martyn Institute Library Henry Martyn Institute Library 09/12/2007 8.00 297.4 JAL 010111 Books
                   Copyright © 2026 | Henry Martyn Institute | Hyderabad | TS-500052 | INDIA | Implemented by hmi.edu.in
Hit-Count:

Powered by Koha